| 000 | 00830nam a22002177a 4500 | ||
|---|---|---|---|
| 999 |
_c17475 _d17475 |
||
| 003 | AR-CdUCM | ||
| 008 | 190508b ||||| |||| 00| 0 spa d | ||
| 040 |
_aMUNICIPALIDAD PROVINCIAL DEL CUSCO _cBIBLIOTECA MUNICIPAL DEL CUSCO |
||
| 082 |
_a869.028 / _bS66 |
||
| 100 |
_aSolórzano, Carlos _937514 |
||
| 245 |
_aEl teatro hispanoamericano contemporáneo : _bantología / |
||
| 260 |
_aMéxico, D.F : _bFondo de cultura económica, _c1964. |
||
| 300 |
_a359 páginas ; _c18 cm. |
||
| 440 |
_aColección popular ; _n61 _937515 |
||
| 505 | _aContenido: El tigre, Demetrio Aguilera Malta -- Lo que dejo la tempestad, César Rengifo -- El robo del cochino, Abelardo Estorino... | ||
| 650 |
_aTeatro latinoamericano _98298 |
||
| 650 |
_aSiglo XX _98 |
||
| 650 |
_aColecciones _9607 |
||
| 942 |
_2ddc _cLIBROS |
||
| 945 |
_aacv _d2019-05-08 |
||